MARC

Tag First Indicator Second Indicator Subfields
LEADER 00000cas a2200000Ka 4500
001 in00002016003
005 20151031160329.0
006 m f d
007 cr cn---------
008 040317c20029999akuuu p s0 0eng d
035 |a (OCoLC)ocm54757143 
040 |a ALK  |c ALK  |d OCLCQ  |d TXA  |d UtOrBLW 
043 |a n-us-ak 
049 |a TXAM 
050 4 |a HD9757.A4  |b A46 
245 0 0 |a Alaska wood tides /  |c Alaska Wood Utilization Research and Development Center. 
246 3 0 |a Wood tides 
264 1 |a Sitka, Alaska :  |b Alaska Wood Utilization Research and Development Center,  |c 2002- 
300 |a volumes :  |b illustrations ;  |c 28 cm. 
336 |a text  |b txt  |2 rdacontent 
337 |a computer  |b c  |2 rdamedia 
338 |a online resource  |b cr  |2 rdacarrier 
362 0 |a Spring 2002- 
500 |a Title from issue number 2 (Apr. 2003). 
530 |a Also issued in electronic format via Internet. 
650 0 |a Forest products industry  |z Alaska  |v Periodicals. 
650 0 |a Wood  |x Utilization  |z Alaska  |v Periodicals. 
650 0 |a Wood waste  |x Utilization  |z Alaska  |v Periodicals. 
650 0 |a Timber  |x Utilization  |z Alaska  |v Periodicals. 
710 2 |a Alaska Wood Utilization Research and Development Center. 
856 4 1 |u http://www.fs.fed.us/pnw/sitka/publications/  |t 0 
948 |a cataloged  |b h  |c 2005/01/06  |e pkellar  |f 4:07:41 pm 
994 |a C0  |b TXA 
999 |a MARS 
999 f f |s de096070-2791-3e04-90d6-062a6526a02d  |i bc9f6317-fc67-33fc-9722-df38d5ac3d85  |t 0 
952 f f |p normal  |a Texas A&M University  |b College Station  |c Sterling C. Evans Library  |d Evans: US Documents (Annex 5th floor)  |t 0  |e A 13.66/2:AWT-  |h Superintendent of Documents classification  |i computer -- online resource  |k no. 3  |m A14834537824 
998 f f |a A 13.66/2:AWT-  |t 0  |l Evans: US Documents (Annex 5th floor)